000 00530nam a2200145Ia 4500
008 140724s9999 xx 000 0 und d
050 _aHD 61
_b.V632 2009
100 _aVicente, Rosnalin R.
245 4 _aThe risk exposure and coping strategies of selected banking institutions in Las Piñas City /
_cRosnalin R. Vicente
260 _aLas Piñas, Philippines :
_bSouthville International School and Colleges,
_cc2009.
300 _a67 p. :
_bill. ;
_c28 cm.
521 _aBusiness Administration
942 _cTH
999 _c228912
_d228912